[Event "DOM-ch"]
[Site "Santo Domingo"]
[Date "2022.02.18"]
[Round "1"]
[White "Batlle Ysa, Rafael Jorge"]
[Black "Garcia Matos, Reynaldo Alexis"]
[Result "0-1"]
[WhiteElo "1872"]
[BlackElo "2169"]
[PlyCount "86"]
[EventDate "2022.02.18"]
[EventType "swiss"]
[EventRounds "11"]
[EventCountry "DOM"]
[SourceTitle "EXT 2023"]
[Source "ChessBase"]
[SourceDate "2022.10.05"]
[SourceVersion "1"]
[SourceVersionDate "2022.10.05"]
[SourceQuality "1"]

1. d4 Nf6 2. Nf3 g6 3. g3 Bg7 4. Bg2 d5 5. Nbd2 0-0 6. 0-0 Bf5 7. c4 c6 8. b3 Ne4 9. Bb2 Nxd2 10. Qxd2 Be4 11. e3 Nd7 12. Rac1 e6 13. Ne5 Bxg2 14. Kxg2 Nxe5 15. dxe5 dxc4 16. Qxd8 Rfxd8 17. bxc4 Rd2 18. Rb1 b6 19. a4 Bf8 20. Bc3 Rc2 21. Rfc1 Rxc1 22. Rxc1 Rd8 23. Kf3 Bc5 24. Ke2 Kf8 25. Rd1 Ke8 26. Rxd8+ Kxd8 27. Kd3 Kc7 28. f3 Kb7 29. e4 Ka6 30. Kc2 b5 31. Kb3 Kb6 32. h3 a5 33. g4 Bf2 34. cxb5 cxb5 35. Bd2 Bd4 36. f4 Bf2 37. f5 Bd4 38. Bf4 Kc5 39. Bg3 Be3 40. axb5 Kxb5 41. Be1 Bb6 42. Bc3 a4+ 43. Kc2 Kc4 0-1

[Event "DOM-ch"]
[Site "Santo Domingo"]
[Date "2018.05.05"]
[Round "10"]
[White "Perez, Lewis Omar"]
[Black "Batlle Ysa, Rafael Jorge"]
[Result "1/2-1/2"]
[WhiteElo "1989"]
[BlackElo "1883"]
[PlyCount "58"]
[EventDate "2018.04.20"]
[EventType "swiss"]
[EventRounds "11"]
[EventCountry "DOM"]
[SourceTitle "CBM 184 Extra"]
[Source "ChessBase"]
[SourceDate "2018.06.28"]
[SourceVersion "1"]
[SourceVersionDate "2018.06.28"]
[SourceQuality "1"]

1. c4 e6 2. Nf3 d5 3. Nc3 Nf6 4. g3 Nbd7 5. Bg2 Be7 6. 0-0 0-0 7. b3 b6 8. cxd5 exd5 9. Nd4 Bb7 10. Bb2 Re8 11. Rc1 a6 12. d3 g6 13. Re1 Bf8 14. Qc2 Bh6 15. f4 c5 16. Nf3 d4 17. Nd1 Bg7 18. e4 dxe3 19. Nxe3 Nd5 20. Nxd5 Bxd5 21. d4 cxd4 22. Nxd4 Rxe1+ 23. Rxe1 Rc8 24. Qe2 Bxg2 25. Kxg2 Nc5 26. Rd1 Qd5+ 27. Nf3 Qb7 28. Bxg7 Kxg7 29. Qe5+ Kg8 1/2-1/2

[Event "DOM-ch"]
[Site "Santo Domingo"]
[Date "2018.04.21"]
[Round "3"]
[White "Medina Guzman, Braulio Silvestre"]
[Black "Batlle Ysa, Rafael Jorge"]
[Result "0-1"]
[WhiteElo "1955"]
[BlackElo "1883"]
[PlyCount "102"]
[EventDate "2018.04.20"]
[EventType "swiss"]
[EventRounds "11"]
[EventCountry "DOM"]
[SourceTitle "CBM 184 Extra"]
[Source "ChessBase"]
[SourceDate "2018.06.28"]
[SourceVersion "1"]
[SourceVersionDate "2018.06.28"]
[SourceQuality "1"]

1. e4 e5 2. Nf3 Nc6 3. Bc4 Nf6 4. Ng5 d5 5. exd5 Nxd5 6. d3 Be7 7. Ne4 Be6 8. a3 a6 9. 0-0 Qd7 10. Nbc3 h6 11. Be3 b6 12. Qf3 Nxe3 13. Bxe6 Qxe6 14. fxe3 0-0 15. Ng3 g6 16. Nge4 f5 17. Nd2 Rad8 18. Nb3 Bf6 19. Qh3 Bg7 20. e4 Ne7 21. Rf3 Qc6 22. exf5 gxf5 23. Rg3 Kh7 24. Re1 Ng6 25. Qh5 Nf4 26. Qf3 Qd7 27. Ne2 Ng6 28. Qh5 Qf7 29. Rf1 Qe6 30. Qh3 Rde8 31. Rgf3 f4 32. Qxe6 Rxe6 33. Nc3 c6 34. Ne4 Kg8 35. Nbd2 Nh4 36. R3f2 Nf5 37. Nc4 c5 38. a4 Rg6 39. Kh1 b5 40. axb5 axb5 41. Na3 Ne3 42. Re1 b4 43. Nc4 Rc8 44. Nxe3 fxe3 45. Rxe3 c4 46. Ref3 cxd3 47. Rxd3 Ra6 48. Rd1 Rc4 49. Nd6 Rd4 50. Rfd2 Raxd6 51. Rxd4 Rxd4 0-1

[Event "DOM-ch"]
[Site "Santo Domingo"]
[Date "2018.04.20"]
[Round "1"]
[White "Lorenzo De Los Santos, Luis L"]
[Black "Batlle Ysa, Rafael Jorge"]
[Result "1-0"]
[WhiteElo "2108"]
[BlackElo "1883"]
[PlyCount "101"]
[EventDate "2018.04.20"]
[EventType "swiss"]
[EventRounds "11"]
[EventCountry "DOM"]
[SourceTitle "CBM 184 Extra"]
[Source "ChessBase"]
[SourceDate "2018.06.28"]
[SourceVersion "1"]
[SourceVersionDate "2018.06.28"]
[SourceQuality "1"]

1. d4 d5 2. c4 e6 3. Nc3 Nf6 4. Bg5 Be7 5. e3 0-0 6. Nf3 Nbd7 7. cxd5 exd5 8. Bd3 c6 9. Qc2 Re8 10. 0-0 Nf8 11. h3 Ng6 12. Rab1 Nh5 13. Bxe7 Qxe7 14. b4 a6 15. a4 b5 16. Ne2 Bd7 17. Bf5 Nf6 18. Bxd7 Qxd7 19. Rfc1 Rec8 20. Nd2 Ne7 21. Nf4 Nf5 22. Nd3 Nd6 23. Nc5 Qe8 24. Ra1 Nc4 25. Ndb3 g6 26. Ra2 Nd7 27. Nxd7 Qxd7 28. Rca1 Qe8 29. Nc5 Nd6 30. Qe2 Kg7 31. Qg4 Rd8 32. Qf4 Nc4 33. g4 h6 34. h4 Qe7 35. axb5 cxb5 36. g5 hxg5 37. hxg5 a5 38. bxa5 Rh8 39. Qf6+ Qxf6 40. gxf6+ Kxf6 41. a6 Ra7 42. Nd3 Ke6 43. Rb1 Rb8 44. Kg2 Rb6 45. Nb4 Nd6 46. Rc1 Nc4 47. Kf3 Rd6 48. Rca1 Rb6 49. Ke2 Rd6 50. Kd3 Nb6 51. Ra5 1-0

[Event "Santo Domingo Duarte Memorial 7th"]
[Site "Santo Domingo"]
[Date "2018.01.14"]
[Round "4"]
[White "Eusebio Perez, Hector Eduardo"]
[Black "Batlle Ysa, Rafael Jorge"]
[Result "1-0"]
[WhiteElo "2103"]
[BlackElo "1903"]
[PlyCount "43"]
[EventDate "2018.01.12"]
[EventType "swiss"]
[EventRounds "8"]
[EventCountry "DOM"]
[SourceTitle "CBM 182 Extra"]
[Source "ChessBase"]
[SourceDate "2018.02.23"]
[SourceVersion "1"]
[SourceVersionDate "2018.02.23"]
[SourceQuality "1"]

1. e4 e5 2. Nf3 Nc6 3. Bb5 a6 4. Ba4 Nf6 5. 0-0 b5 6. Bb3 Be7 7. Re1 d6 8. c3 Na5 9. Bc2 c5 10. h3 0-0 11. d4 Qc7 12. Nbd2 Nc6 13. a4 Bb7 14. Nf1 cxd4 15. cxd4 Nb4 16. Bb1 Rac8 17. Ng3 Rfd8 18. axb5 axb5 19. Qb3 d5 20. Nxe5 Qxc1 21. Rxc1 Rxc1+ 22. Kh2 1-0

[Event "Santo Domingo Duarte Memorial 7th"]
[Site "Santo Domingo"]
[Date "2018.01.13"]
[Round "3"]
[White "Batlle Ysa, Rafael Jorge"]
[Black "Polanco Nunez, Yoel Estarling"]
[Result "1/2-1/2"]
[WhiteElo "1903"]
[BlackElo "2182"]
[PlyCount "31"]
[EventDate "2018.01.12"]
[EventType "swiss"]
[EventRounds "8"]
[EventCountry "DOM"]
[SourceTitle "CBM 182 Extra"]
[Source "ChessBase"]
[SourceDate "2018.02.23"]
[SourceVersion "1"]
[SourceVersionDate "2018.02.23"]
[SourceQuality "1"]

1. d4 d5 2. c4 e6 3. Nc3 Nf6 4. e3 c6 5. Nf3 Nbd7 6. Bd3 Be7 7. 0-0 0-0 8. b3 b6 9. Bb2 Bb7 10. Rc1 dxc4 11. Bxc4 c5 12. Qe2 a6 13. Rfd1 Qb8 14. h3 b5 15. Bd3 cxd4 16. Nxd4 1/2-1/2

[Event "Santo Domingo U2000 op"]
[Site "Santo Domingo"]
[Date "2017.06.10"]
[Round "6"]
[White "Abreu Beltre, Luigi Domingo"]
[Black "Batlle Ysa, Rafael Jorge"]
[Result "0-1"]
[WhiteElo "1763"]
[BlackElo "1904"]
[PlyCount "90"]
[EventDate "2017.06.02"]
[EventType "swiss"]
[EventRounds "8"]
[EventCountry "DOM"]
[SourceTitle "CBM 178 Extra"]
[Source "ChessBase"]
[SourceDate "2017.06.22"]
[SourceVersion "1"]
[SourceVersionDate "2017.06.22"]
[SourceQuality "1"]

1. e4 c5 2. Nf3 d6 3. Bb5+ Bd7 4. Bxd7+ Qxd7 5. d4 cxd4 6. Nxd4 Nf6 7. Nc3 e6 8. 0-0 Be7 9. Bg5 Nc6 10. Ndb5 a6 11. Bxf6 gxf6 12. Nd4 Qc7 13. Nxc6 Qxc6 14. Qg4 Qc5 15. Rab1 Qg5 16. Qe2 Rg8 17. f4 Qc5+ 18. Qf2 Rc8 19. Qxc5 Rxc5 20. Rf2 f5 21. Re2 Bf6 22. Na4 Rc4 23. Nc3 Bxc3 24. bxc3 fxe4 25. Rxb7 Rg4 26. g3 d5 27. Re3 Ra4 28. Rb2 Ke7 29. Kg2 Rg8 30. Kh3 Rc8 31. Kg2 Ra3 32. Kf2 Raxc3 33. Rxc3 Rxc3 34. Ke2 h5 35. Kd2 Rf3 36. Ke2 h4 37. Rb3 hxg3 38. hxg3 Rxb3 39. cxb3 d4 40. g4 Kd6 41. b4 Kd5 42. a4 Kc4 43. b5 Kc5 44. Kd2 axb5 45. a5 b4 0-1

[Event "DOM-ch"]
[Site "Santo Domingo"]
[Date "2016.04.09"]
[Round "7"]
[White "Mendez, Ruddy Antonio"]
[Black "Batlle Ysa, Rafael Jorge"]
[Result "1-0"]
[WhiteElo "2050"]
[BlackElo "1889"]
[PlyCount "63"]
[EventDate "2016.04.01"]
[EventType "swiss"]
[EventRounds "11"]
[EventCountry "DOM"]
[SourceTitle "CBM 171 Extra"]
[Source "ChessBase"]
[SourceDate "2016.04.26"]
[SourceVersion "1"]
[SourceVersionDate "2016.04.26"]
[SourceQuality "1"]

1. e4 e5 2. Nf3 Nc6 3. d4 exd4 4. Nxd4 Bc5 5. Be3 Qf6 6. Nb5 Bb4+ 7. c3 Ba5 8. b4 a6 9. bxa5 axb5 10. Bxb5 Rxa5 11. a4 Nge7 12. 0-0 0-0 13. Na3 d6 14. Nc4 Ra8 15. Qd2 Qg6 16. f3 f5 17. exf5 Bxf5 18. Kh1 Kh8 19. a5 Bd3 20. Rfe1 d5 21. Na3 Bf5 22. Bc5 Rfe8 23. a6 bxa6 24. Ba4 Rad8 25. Qf4 Rc8 26. Bxe7 Rxe7 27. Bxc6 Rxe1+ 28. Rxe1 Qxc6 29. Qxf5 Re8 30. Rxe8+ Qxe8 31. h3 h6 32. Nc2 1-0

[Event "DOM-ch"]
[Site "Santo Domingo"]
[Date "2016.04.03"]
[Round "4"]
[White "Arvelo Leo, Gian Carlo"]
[Black "Batlle Ysa, Rafael Jorge"]
[Result "1-0"]
[WhiteElo "2173"]
[BlackElo "1889"]
[PlyCount "141"]
[EventDate "2016.04.01"]
[EventType "swiss"]
[EventRounds "11"]
[EventCountry "DOM"]
[SourceTitle "CBM 171 Extra"]
[Source "ChessBase"]
[SourceDate "2016.04.26"]
[SourceVersion "1"]
[SourceVersionDate "2016.04.26"]
[SourceQuality "1"]

1. Nf3 Nf6 2. g3 g6 3. Bg2 Bg7 4. 0-0 d5 5. c4 c6 6. cxd5 cxd5 7. d4 0-0 8. Nc3 Nc6 9. Ne5 e6 10. Bf4 Bd7 11. Rc1 Nxe5 12. Bxe5 Bc6 13. Qb3 Qd7 14. Rfd1 Rac8 15. e3 Rfd8 16. Qa3 a6 17. Qa5 h6 18. Rc2 Ne8 19. Bxg7 Kxg7 20. Rdc1 Nd6 21. b3 Qe8 22. Qb6 Qd7 23. a4 h5 24. Na2 Rc7 25. Bf1 Nc8 26. Qa5 Ne7 27. b4 b6 28. Qxb6 Rb7 29. Qa5 Bxa4 30. Rc7 Rxc7 31. Rxc7 Qe8 32. Rxe7 Qxe7 33. Qxa4 h4 34. Bxa6 hxg3 35. hxg3 Rh8 36. Bf1 f5 37. b5 g5 38. Nb4 Kf6 39. Bg2 Qb7 40. Nd3 Qc7 41. Nc5 f4 42. b6 Qd6 43. b7 fxe3 44. b8Q Rxb8 45. Nd7+ Kg7 46. Nxb8 e2 47. Qa5 Qxb8 48. Qe1 Qb2 49. Bf3 Qxd4 50. Qxe2 Kf6 51. Bg4 Qb6 52. Qf3+ Ke7 53. Qe3 Qb1+ 54. Kg2 Qg6 55. Qc5+ Kf6 56. Qd4+ Ke7 57. Qe5 Qg8 58. Bf3 Kd7 59. Bg4 Ke7 60. Qc7+ Kf6 61. Qc3+ Ke7 62. Qc7+ Kf6 63. Qd6 Qe8 64. Bf3 Qa8 65. Qc7 Qg8 66. Qd6 Qa8 67. Qb4 Qg8 68. Qd4+ Ke7 69. Bh5 Kd6 70. Qf6 Kd7 71. Bf7 1-0

[Event "Santo Domingo op U2100 2nd"]
[Site "Santo Domingo"]
[Date "2015.06.21"]
[Round "4"]
[White "Batlle Ysa, Rafael Jorge"]
[Black "Toro Rojas, Freddy Alberto"]
[Result "1/2-1/2"]
[WhiteElo "1925"]
[BlackElo "1907"]
[PlyCount "69"]
[EventDate "2015.06.19"]
[EventType "swiss"]
[EventRounds "8"]
[EventCountry "DOM"]
[SourceTitle "CBM 167 Extra"]
[Source "ChessBase"]
[SourceDate "2015.09.14"]
[SourceVersion "1"]
[SourceVersionDate "2015.09.14"]
[SourceQuality "1"]

1. d4 Nf6 2. Nf3 d6 3. Bf4 g6 4. e3 Bg7 5. Be2 Nbd7 6. h3 0-0 7. 0-0 c5 8. c3 Qb6 9. Qb3 Qxb3 10. axb3 b6 11. Nbd2 Bb7 12. Ba6 Rfb8 13. Bc4 h6 14. Rfe1 Re8 15. Bb5 a6 16. Bc4 b5 17. Be2 Ne4 18. Red1 Ndf6 19. Nxe4 Nxe4 20. Nd2 Nxd2 21. Rxd2 cxd4 22. exd4 Rec8 23. Bg4 Rc7 24. b4 Bd5 25. Be2 Kf8 26. Ra5 Rcc8 27. Rd1 Ke8 28. Rda1 Bb7 29. Bf3 d5 30. Re1 Kd7 31. g4 e6 32. Raa1 Ra7 33. h4 Rca8 34. Ra5 Rc8 35. Rc1 1/2-1/2

[Event "DOM-ch"]
[Site "Santo Domingo"]
[Date "2015.05.03"]
[Round "4"]
[White "Munoz Santana, Jose Lisandro"]
[Black "Batlle Ysa, Rafael Jorge"]
[Result "1-0"]
[WhiteElo "2439"]
[BlackElo "2042"]
[PlyCount "99"]
[EventDate "2015.05.01"]
[EventType "swiss"]
[EventRounds "11"]
[EventCountry "DOM"]
[SourceTitle "CBM 166 Extra"]
[Source "ChessBase"]
[SourceDate "2015.06.18"]
[SourceVersion "1"]
[SourceVersionDate "2015.06.18"]
[SourceQuality "1"]

1. Nf3 Nf6 2. c4 c6 3. Nc3 d5 4. e3 g6 5. Be2 Bg7 6. 0-0 0-0 7. d4 Nbd7 8. cxd5 cxd5 9. Qb3 e6 10. Bd2 a6 11. Rfc1 Re8 12. a4 Bf8 13. a5 Bd6 14. Na4 Qe7 15. Be1 Rb8 16. Rc2 Kg7 17. Rac1 h6 18. Bf1 Ne4 19. g3 h5 20. Bg2 Qf8 21. Ne5 Nef6 22. f4 Qe7 23. h3 Qf8 24. Bf3 Qe7 25. Kg2 Rh8 26. Nd3 Rg8 27. Bb4 Bxb4 28. Nxb4 Qd8 29. g4 hxg4 30. hxg4 Rh8 31. g5 Ne8 32. Nd3 Nd6 33. Nb6 Nxb6 34. Qxb6 Qxb6 35. axb6 Nf5 36. Re1 Bd7 37. Bg4 Bb5 38. Bxf5 gxf5 39. Ne5 Rh4 40. Rh1 Rxh1 41. Kxh1 Kg8 42. Rc7 Be8 43. b4 Kf8 44. Kg2 Kg8 45. Kg3 Kf8 46. Kh4 Kg8 47. Kh5 f6+ 48. Ng6 fxg5 49. Kxg5 Bb5 50. Kh6 1-0

[Event "Santo Domingo op U2100"]
[Site "Santo Domingo"]
[Date "2015.02.07"]
[Round "3"]
[White "Brito Rondon, Enmanuel De Jesus"]
[Black "Batlle Ysa, Rafael Jorge"]
[Result "0-1"]
[WhiteElo "1948"]
[BlackElo "2053"]
[PlyCount "90"]
[EventDate "2015.02.06"]
[EventType "swiss"]
[EventRounds "8"]
[EventCountry "DOM"]
[SourceTitle "CBM 164 Extra"]
[Source "ChessBase"]
[SourceDate "2015.03.02"]
[SourceVersion "1"]
[SourceVersionDate "2015.03.02"]
[SourceQuality "1"]

1. c4 e6 2. Nc3 d5 3. d4 Nf6 4. a3 Be7 5. f3 0-0 6. e4 dxe4 7. fxe4 c5 8. d5 exd5 9. cxd5 Bd6 10. Nf3 Re8 11. Bb5 Bd7 12. Bxd7 Nbxd7 13. 0-0 a6 14. Bg5 Qc7 15. Qc2 h6 16. Bh4 Ng4 17. Rae1 Bxh2+ 18. Kh1 Bf4 19. e5 Ndxe5 20. Qf5 Nxf3 21. Rxe8+ Rxe8 22. Rxf3 Bg3 23. Ne4 Bxh4 24. Qxg4 Bg5 25. d6 Qd8 26. d7 Re7 27. Rd3 b6 28. a4 g6 29. Nxg5 hxg5 30. Kh2 Kg7 31. Qxg5 Qc7+ 32. Kg1 Rxd7 33. Rh3 Qd6 34. Qh6+ Kf6 35. Qh8+ Kf5 36. Rf3+ Kg5 37. Qh3 Qd1+ 38. Rf1 Qd4+ 39. Kh1 Qh4 40. Qxh4+ Kxh4 41. Rf6 Kg3 42. Rf3+ Kg4 43. Rf6 Rb7 44. Kh2 Kg5 45. Rc6 f5 0-1